El Modelo del TLCAN en materia de comercio y ambiente /

La vinculación de los temas de libre comercio y ambiente en las negiciaciones de los tratados ha tomado diversas formas. Se examinan en particular los acuerdosa ligados al TLCAN y el firmado entre Chile y Canadá. El propósito es definir pautas para futuras negociaciones que abarquen a otros países d...

Szczegółowa specyfikacja

Zapisane w:
Opis bibliograficzny
1. autor: Gitli, Eduardo
Kolejni autorzy: Murillo, Carlos
Format: Texto
Hasła przedmiotowe:
Etykiety: Dodaj etykietę
Nie ma etykietki, Dołącz pierwszą etykiete!

MARC

LEADER 00000 a a2200000 04500
001 3513
003
040
100 |a Gitli, Eduardo  
245 |a El Modelo del TLCAN en materia de comercio y ambiente /  |c Eduardo Gitli ; Carlos Murillo 
520 |a La vinculación de los temas de libre comercio y ambiente en las negiciaciones de los tratados ha tomado diversas formas. Se examinan en particular los acuerdosa ligados al TLCAN y el firmado entre Chile y Canadá. El propósito es definir pautas para futuras negociaciones que abarquen a otros países de América Latina. REV/WMV  
650 |a LIBERALISMO  
650 |a MACROECONOMIA  
650 |a INTEGRACION ECONOMICA  
650 |a COMERCIO  
650 |a RECURSOS NATURALES  
650 |a RECURSOS NATURALES  
700 |a Murillo, Carlos  
773 |g volumen 51, número 5; páginas 387-395  
999 |c 30536  |d 30536